| 000 | 00567nam a2200181 4500 | ||
|---|---|---|---|
| 001 | 127449 | ||
| 003 | ES-MaACL | ||
| 005 | 20250820123221.0 | ||
| 007 | t| | ||
| 008 | 070214s1973 sp r ||||1| cat d | ||
| 100 | 1 |
_aRiera Montserrat, Francesc. _997130 |
|
| 245 | 1 | 0 |
_aLluiles antixuetes en el segle XVIII / _cFrancesc Riera Montserrat ; próleg de Josep Meliá. |
| 260 |
_aPalma de Mallorca : _bMoll, _c1973. |
||
| 300 |
_a207 p. ; _c24 cm. |
||
| 700 | 1 |
_aMelià, Josep, _d1939-2000 _9173040 |
|
| 852 |
_aES-MaACL _jC-54308 _bR.87164 |
||
| 999 |
_c127449 _d127449 |
||